Statistics for Marvel Character Picture Trivia

Click here to take the quiz!

General Stats

  • This quiz has been taken 12 times
  • The average score is 73 of 180

Answer Stats

QuestionTileSelect% Correct
Select all the characters who are mutants.No
100%
Select all the characters who are mutants.Yes
82%
Select all the characters who are mutants.Yes
82%
Select all the characters who are mutants.No
82%
Select all the characters who are mutants.No
82%
Select all the characters who are mutants.Yes
82%
Select every character who has a color in their alias/code name.No
73%
Select every character who has a color in their alias/code name.Yes
73%
Select every character who has a color in their alias/code name.No
73%
Select every character who has a color in their alias/code name.Yes
73%
Select every character who has a color in their alias/code name.No
73%
Select all the characters who are mutants.No
73%
Select every character not born on Earth.No
64%
Select every character who is a clone.No
64%
Select every character born in the United States.No
64%
Select every character born in the United States.No
64%
Select every character who is a clone.No
64%
Select every character born in the United States.Yes
64%
Select every character born in the United States.No
64%
Select every character not born on Earth.No
64%
Select every character not born on Earth.Yes
64%
Select every character not born on Earth.Yes
64%
Select every character not born on Earth.Yes
64%
Select every character not born on Earth.No
64%
Select every character not born on Earth.No
64%
Select every character who has a color in their alias/code name.No
64%
Select all the characters who are mutants.No
64%
Select every character who has a color in their alias/code name.No
64%
Select every character who is a clone.Yes
55%
Select every character whose alias/code name begins with the letter 'M'.No
55%
Select every character whose alias/code name begins with the letter 'M'.Yes
55%
Select every character who is a clone.No
55%
Select every character who is a clone.Yes
55%
Select every character who is a clone.No
55%
Select every character who is a clone.Yes
55%
Select every character born in the United States.No
55%
Select every character born in the United States.Yes
55%
Select every character born in the United States.Yes
55%
Select every character who has a color in their alias/code name.Yes
55%
Select every character not born on Earth.No
55%
Select every character whose alias/code name begins with the letter 'M'.No
55%
Select every character who first appeared in the 1960's.Yes
45%
Select every character who first appeared in the 1960's.No
45%
Select every character who is a member of Spider-Man's rogues gallary.Yes
45%
Select every character who first appeared in the 1960's.No
45%
Select every character who is a member of Spider-Man's rogues gallary.No
45%
Select every character who is a member of Spider-Man's rogues gallary.No
45%
Select every character who is a member of Spider-Man's rogues gallary.No
45%
Select every character whose alias/code name begins with the letter 'M'.Yes
45%
Select every character who is a member of Spider-Man's rogues gallary.Yes
45%
Select every character who is a member of Spider-Man's rogues gallary.Yes
45%
Select every character whose alias/code name begins with the letter 'M'.No
45%
Select every character who is a clone.No
45%
Select every character whose alias/code name begins with the letter 'M'.No
45%
Select every character born in the United States.No
45%
Select every character born in Europe.No
36%
Select every character with telepathic or empathic powers.No
36%
Select every character with telepathic or empathic powers.No
36%
Select every character with telepathic or empathic powers.No
36%
Select every character with telepathic or empathic powers.Yes
36%
Select every character with telepathic or empathic powers.Yes
36%
Select every character with telepathic or empathic powers.Yes
36%
Select every character born in Europe.Yes
36%
Select every character born in Europe.No
36%
Select every character who can fly under their own power.No
36%
Select every character born in Europe.Yes
36%
Select every character with telepathic or empathic powers.No
36%
Select every character who is a member of the Power Pack.No
36%
Select every character who can fly under their own power.No
36%
Select every character who can fly under their own power.No
36%
Select every character who has been a member of the Avengers.Yes
36%
Select every character who has been a member of the Avengers.No
36%
Select every character who has been a member of the Avengers.No
36%
Select every character who has been a member of the Avengers.No
36%
Select every character with telepathic or empathic powers.No
36%
Select every character with super strength.Yes
36%
Select every character with super strength.No
36%
Select every character who can teleport.No
36%
Select every character who has been a member of the Avengers.Yes
36%
Select every character who can control minds.No
36%
Select every character who can control minds.Yes
36%
Select every character who can control minds.No
36%
Select every character who can control minds.No
36%
Select every character who can teleport.No
36%
Select every character who can teleport.No
36%
Select every character who can teleport.Yes
36%
Select every character who can teleport.Yes
36%
Select every character who can control minds.Yes
36%
Select every character who can control minds.No
36%
Select every character with super strength.No
36%
Select every character who is a member of Alpha Flight.No
36%
Select every character with super strength.No
36%
Select every character who is a member of Alpha Flight.No
36%
Select every character with super strength.No
36%
Select every character with super strength.Yes
36%
Select every character with super strength.Yes
36%
Select every character with super strength.Yes
36%
Select every character who has been a member of the Avengers.No
36%
Select every character whose alias/code name contains a title (mister/mr.; doctor/dr.; captain; etc.).No
36%
Select every character whose alias/code name contains a title (mister/mr.; doctor/dr.; captain; etc.).No
36%
Select every character who first appeared in the 1960's.Yes
36%
Select every character who has superhuman intelligence or is a super geniuses.Yes
36%
Select every character who has superhuman intelligence or is a super geniuses.No
36%
Select every character from the future.Yes
36%
Select every character from the future.No
36%
Select every character from the future.No
36%
Select every character from the future.Yes
36%
Select every character from the future.Yes
36%
Select every character from the future.No
36%
Select every character who first appeared in the 1960's.No
36%
Select every character who first appeared in the 1960's.No
36%
Select every character who has superhuman intelligence or is a super geniuses.No
36%
Select every character who is a member of Spider-Man's rogues gallary.No
36%
Select every character who is a member of Spider-Man's rogues gallary.No
36%
Select every character who is a member of Spider-Man's rogues gallary.Yes
36%
Select every character whose alias/code name begins with the letter 'M'.Yes
36%
Select every character whose alias/code name begins with the letter 'M'.No
36%
Select every character who is a clone.Yes
36%
Select every character born in the United States.Yes
36%
Select every character not born on Earth.Yes
36%
Select every character who has a color in their alias/code name.Yes
36%
Select every character who has superhuman intelligence or is a super geniuses.Yes
36%
Select every character from the future.No
36%
Select every character whose alias/code name contains a title (mister/mr.; doctor/dr.; captain; etc.).Yes
36%
Select every character who has superhuman intelligence or is a super geniuses.Yes
36%
Select every character whose alias/code name contains a title (mister/mr.; doctor/dr.; captain; etc.).Yes
36%
Select every character whose alias/code name contains a title (mister/mr.; doctor/dr.; captain; etc.).Yes
36%
Select every character whose alias/code name contains a title (mister/mr.; doctor/dr.; captain; etc.).Yes
36%
Select every character whose alias/code name contains a title (mister/mr.; doctor/dr.; captain; etc.).No
36%
Select every character who has superhuman intelligence or is a super geniuses.No
36%
Select every character whose alias/code name contains a title (mister/mr.; doctor/dr.; captain; etc.).No
36%
Select every character who has superhuman intelligence or is a super geniuses.No
36%
Select every character who has superhuman intelligence or is a super geniuses.No
36%
Select every character whose alias/code name contains a title (mister/mr.; doctor/dr.; captain; etc.).No
36%
Select every character born in Europe.No
27%
Select every character who is a member of Alpha Flight.Yes
27%
Select every character who has been a member of the Avengers.Yes
27%
Select every character whose alias/code name begins with the letter 'M'.Yes
27%
Select every character who can control minds.No
27%
Select every character who has been a member of the Avengers.No
27%
Select every character who is a member of Alpha Flight.No
27%
Select every character who is a member of Alpha Flight.Yes
27%
Select every character who is a member of Alpha Flight.Yes
27%
Select every character who is a member of the Power Pack.Yes
27%
Select all the characters who are mutants.Yes
27%
Select every character who is a member of the Power Pack.Yes
27%
Select every character who is a member of the Power Pack.No
27%
Select every character who is a member of the Power Pack.No
27%
Select every character who is a member of the Power Pack.No
27%
Select every character who is a member of the Power Pack.Yes
27%
Select every character who is a member of the Power Pack.No
27%
Select every character who can control minds.Yes
27%
Select every character who can teleport.No
27%
Select every character who can control minds.Yes
27%
Select every character who can fly under their own power.Yes
27%
Select every character who has superhuman intelligence or is a super geniuses.Yes
27%
Select every character born in Europe.No
27%
Select every character with telepathic or empathic powers.Yes
27%
Select every character from the future.No
27%
Select every character who can fly under their own power.Yes
27%
Select every character with super strength.No
27%
Select every character who has been a member of the Avengers.Yes
27%
Select every character who is a member of the Power Pack.Yes
27%
Select every character who can fly under their own power.No
27%
Select every character who first appeared in the 1960's.Yes
27%
Select every character who can fly under their own power.Yes
27%
Select every character born in Europe.No
27%
Select every character who can teleport.No
27%
Select every character who can teleport.Yes
18%
Select every character born in Europe.Yes
18%
Select every character born in Europe.Yes
18%
Select every character from the future.Yes
18%
Select every character who first appeared in the 1960's.Yes
18%
Select every character who can fly under their own power.Yes
18%
Select every character who is a member of Alpha Flight.No
18%
Select every character who first appeared in the 1960's.No
18%
Select every character who is a member of Alpha Flight.Yes
18%
Select every character who can fly under their own power.No
18%
Select every character who can teleport.Yes
18%
Select every character who is a member of Alpha Flight.No
18%

Score Distribution

Percentile by Number Answered

Percent of People with Each Score

Your Score History

You have not taken this quiz